Qingdao City Quiz - Statistics

General Stats
  • This quiz has been taken 28 times
  • The average score is 7 of 20
Answer Stats
Hint Answer % Correct
Province in which Qingdao is located Shandong
100%
Qingdao was colonized by this country, 1897~1919 Germany
91%
Which makes Qingdao famous for this beverage Beer
82%
What “Qingdao” means in Chinese Green Island
59%
Famous mountain by the sea located east of Qingdao Mount Lao
55%
Qingdao is also well-known for this sport Sailing
50%
Bay around which Qingdao is located Jiaozhou Bay
41%
Students’ movement in Beijing about Qingdao’s return in 1919 May Fourth Movement
36%
Group of colonial architecture located on eight streets Badaguan
27%
Qingdao’s first wharf, constructed in 1891 Zhanqiao Pier
23%
Mountain scenic resort located southwest of Qingdao Dazhu Mountain
18%
Terrace by the sea built by Qin Shi Huang southwest of Qingdao Langya Terrace
18%
Most visited museums in Qingdao Qingdao City Museum
18%
City square in Qingdao built in honor of this movement Wusi Square
18%
Center of this sport built for the 2008 Beijing Olympics Olympic Sailing Center
9%
Most visited museums in Qingdao Qingdao Beer Museum
9%
Colonial-style church built in Qingdao city center in 1934 Qingdao Catholic Church
9%
Most visited museums in Qingdao German Governor’s Residence
5%
Most visited museums in Qingdao Navy Museum of China
5%
City park in city center where a signal tower was once located Signal Hill Park
5%
No matching quizzes found
Score Distribution
Percent of People with Each Score
Percentile by Number Answered
Your Score History
You have not taken this quiz